Giáo trình cầu lông

Tallennettuna:
Bibliografiset tiedot
Päätekijä: Trần, Văn Vinh
Muut tekijät: Nguyễn, Trọng Hải
Aineistotyyppi: Kirja
Kieli:Undetermined
Julkaistu: H. ĐHSP 2004
Aiheet:
Linkit:http://lrc.tdmu.edu.vn/opac/search/detail.asp?aID=2&ID=5677
Tagit: Lisää tagi
Ei tageja, Lisää ensimmäinen tagi!
Thư viện lưu trữ: Trung tâm Học liệu Trường Đại học Thủ Dầu Một
LEADER 00607nam a2200205Ia 4500
001 TDMU_5677
008 210410s9999 xx 000 0 und d
082 |a 796.345 
090 |b TR105 
100 |a Trần, Văn Vinh 
245 0 |a Giáo trình cầu lông 
245 0 |c Trần Văn Vinh 
260 |a H. 
260 |b ĐHSP 
260 |c 2004 
300 |a 219tr. 
650 |a Cầu lông  |v Giáo trình 
700 |a Nguyễn, Trọng Hải 
856 |u http://lrc.tdmu.edu.vn/opac/search/detail.asp?aID=2&ID=5677 
980 |a Trung tâm Học liệu Trường Đại học Thủ Dầu Một